[Event "Dutch Open 2015"]
[Site "Dieren NED"]
[Date "2015.07.23"]
[Round "3.9"]
[White "Foisor, Sabina-Francesca"]
[Black "Zwirs, Nico"]
[Result "1/2-1/2"]
[WhiteTitle "WGM"]
[WhiteElo "2202"]
[BlackElo "2346"]
[WhiteFideId "1212915"]
[BlackFideId "1036432"]
[EventDate "2015.07.21"]

1. d4 Nf6 2. c4 g6 3. Nc3 Bg7 4. e4 d6 5. Nf3 O-O 6. Be3 c6 7. Be2 e5 8. O-O
exd4 9. Bxd4 Re8 10. Qc2 Na6 11. Rad1 Qe7 12. Rfe1 c5 13. Bxf6 Qxf6 14. Qd2 Nc7
15. h3 b6 16. Nh2 Qe7 17. Bf3 Be5 18. Nf1 Qh4 19. b3 Qf6 20. Re3 a6 21. Rd3 b5
22. Ne2 bxc4 23. bxc4 Rb8 24. Qa5 Ne6 25. Bg4 h5 26. Bxe6 Qxe6 27. Rb3 Bd7 28.
Ne3 Bc6 29. f3 Rxb3 30. axb3 Qc8 31. Rd2 Qb7 32. Rd3 Bf6 33. Kf2 Bh4+ 34. g3 Be7
35. h4 f5 36. exf5 Bxf3 37. Nf4 Be4 38. Qc3 Bf8 39. Qf6 Qg7 40. Qxg7+ Kxg7 41.
Rd2 gxf5 42. Ra2 Ra8 43. Nxh5+ Kf7 44. g4 fxg4 45. Kg3 Be7 46. Rf2+ Ke6 47. Ng7+
Kd7 48. Nd5 Rb8 49. Rf7 Bxd5 50. cxd5 Rxb3+ 51. Kxg4 Rb4+ 52. Kf3 Rb3+ 53. Ke2
Rb2+ 54. Ke3 Rb3+ 55. Ke2 Kd8 56. Nf5 Rb2+ 57. Kf3 Rb3+ 58. Ke2 Rb2+ 59. Kf3
Rb3+ 60. Ke4 Rb4+ 61. Ke3 Bxh4 62. Nxd6 Bg5+ 63. Ke2 Be7 64. Nf5 Re4+ 65. Kd3
Ke8 66. Rh7 Re5 67. Nxe7 Rxe7 68. Rh8+ Kd7 69. Kc4 Re8 70. Rh6 Re1 71. Kxc5 Rc1+
72. Kb6 1/2-1/2

[Event "Dutch Open 2015"]
[Site "Dieren NED"]
[Date "2015.07.23"]
[Round "3.10"]
[White "Haslinger, Stewart G"]
[Black "Van Helvoort, Rob"]
[Result "1/2-1/2"]
[WhiteTitle "GM"]
[WhiteElo "2526"]
[BlackElo "2130"]
[WhiteFideId "405248"]
[BlackFideId "1005596"]
[EventDate "2015.07.21"]

1. e4 c5 2. Nf3 Nc6 3. d4 cxd4 4. Nxd4 Nf6 5. Nc3 e5 6. Ndb5 d6 7. Bg5 a6 8. Na3
Be6 9. Nc4 Rc8 10. Ne3 Be7 11. Bxf6 Bxf6 12. Ned5 Bg5 13. Bc4 Na5 14. Bd3 Nc4
15. Bxc4 Rxc4 16. O-O Rd4 17. Qf3 O-O 18. Rad1 Rxd1 19. Rxd1 Qc8 20. Qg3 Qd8 21.
Qd3 Qa5 22. g3 Bg4 23. f3 Qc5+ 24. Kg2 Be6 25. h4 Bd8 26. a3 g5 27. hxg5 Bxg5
28. Rh1 Kh8 29. f4 exf4 30. b4 f3+ 31. Qxf3 Qd4 32. Ne2 Qg7 33. Ndf4 Bxf4 34.
Qxf4 Bg4 35. Qd2 Qe5 36. Qd3 f5 37. Nf4 Rg8 38. Rh6 Qxe4+ 39. Qxe4 fxe4 40. Rxd6
Rc8 41. Kf2 Rxc2+ 42. Ke3 Rc3+ 43. Kxe4 Rxg3 44. Nd3 Bh5 45. Ne5 Rxa3 46. Rd8+
Kg7 47. Rd7+ Kh6 48. Rxb7 Bg6+ 49. Kf4 Ra4 50. Ng4+ Kh5 51. Nf6+ Kh4 52. Nxh7 a5
53. Rb6 Rxb4+ 54. Rxb4 axb4 55. Ng5 b3 56. Nf3+ Kh3 57. Nd2 b2 58. Ke3 b1=Q 59.
Nxb1 Bxb1 1/2-1/2

[Event "Dutch Open 2015"]
[Site "Dieren NED"]
[Date "2015.07.23"]
[Round "3.11"]
[White "Schoppen, Casper"]
[Black "Yankelevich, Lev"]
[Result "1/2-1/2"]
[WhiteElo "2215"]
[BlackElo "2420"]
[WhiteFideId "1046730"]
[BlackFideId "24684074"]
[EventDate "2015.07.21"]

1. e4 c5 2. Nf3 d6 3. d4 cxd4 4. Nxd4 Nf6 5. Nc3 Nc6 6. Bg5 e6 7. Qd2 a6 8.
O-O-O h6 9. Bxf6 Qxf6 10. Nxc6 bxc6 11. f4 Qd8 12. h4 Be7 13. g4 Rb8 14. Bc4 d5
15. Bb3 Bxh4 16. Qh2 Be7 17. Rhe1 Bb7 18. exd5 exd5 19. Ne2 Kf8 20. Nd4 g6 21.
f5 Bd6 22. Qf2 Qf6 23. Kb1 g5 24. Ne6+ fxe6 25. Rxe6 Qd8 26. Qd4 Kf7 27. Rg6 Rh7
28. Re1 Bf8 29. Qe5 Qe7 30. Re6 Qd8 31. f6 Kg8 32. c3 Rc8 33. Bc2 Qd7 34. Bg6
Rc7 35. Re8 Rc8 36. Re6 Rc7 37. Bf5 Rc8 38. f7+ Qxf7 39. Rg6+ Bg7 40. Be6 Kh8
41. Rxg7 Qxg7 42. Bxc8 Bxc8 43. Qe8+ Qg8 44. Qxg8+ Kxg8 45. Re8+ Kf7 46. Rxc8
Ke6 47. Rxc6+ Ke5 48. Rxa6 Kf4 49. Ra4+ Kf3 50. Rd4 h5 51. gxh5 g4 52. Rxd5 g3
53. Rg5 g2 54. a4 Rxh5 55. Rxh5 g1=Q+ 56. Ka2 Qg4 57. Ra5 Qc4+ 58. Ka3 Ke3 59.
Rh5 Qg4 60. Rd5 Qe4 61. Rd4 Qc2 62. Ka2 Qc1 63. Ka3 Qa1+ 64. Kb3 Ke2 65. Rd5 Qh1
66. Rd4 Qh5 67. Ka2 Qc5 68. Kb3 Ke3 69. Ka2 Qf5 70. Kb3 Qb1 71. Ka3 Qc2 72. Ka2
Qh7 73. Kb3 Qb1 74. Ka3 Ke2 75. Kb3 Kf2 76. Rd2+ Kf3 77. Rd4 Kf2 78. Rd2+ Kf3
79. Rd4 Qa1 80. Rd5 Ke4 81. Rd4+ Ke5 82. Rd2 Qg1 83. Rd4 Qg8+ 84. Ka3 Qb8 85.
Ka2 Qb6 86. Ka3 Qc5+ 87. Ka2 1/2-1/2

[Event "Dutch Open 2015"]
[Site "Dieren NED"]
[Date "2015.07.23"]
[Round "3.12"]
[White "Goudriaan, Etienne"]
[Black "Mueer, Sebastian"]
[Result "1-0"]
[WhiteTitle "IM"]
[WhiteElo "2376"]
[BlackElo "2210"]
[WhiteFideId "1021150"]
[BlackFideId "24622001"]
[EventDate "2015.07.21"]

1. d4 Nf6 2. c4 c5 3. d5 e6 4. Nc3 exd5 5. cxd5 d6 6. e4 g6 7. f4 Bg7 8. Bb5+
Nfd7 9. a4 Qh4+ 10. g3 Qd8 11. Nf3 O-O 12. O-O a6 13. Bd3 Nf6 14. Qb3 Bh3 15.
Re1 Ng4 16. Bf1 Bxf1 17. Kxf1 Qc8 18. Kg2 Nd7 19. h3 Nh6 20. f5 f6 21. Ne2 gxf5
22. Bxh6 Bxh6 23. Nh4 Qe8 24. Nc3 Bd2 25. Re2 Bxc3 26. bxc3 fxe4 27. Nf5 Ne5 28.
Qxb7 Qd7 29. Qxd7 Nxd7 30. Rxe4 Ne5 31. Nxd6 Rab8 32. Ra2 Rfd8 33. Nf5 c4 34. g4
Rb3 35. g5 1-0

[Event "Dutch Open 2015"]
[Site "Dieren NED"]
[Date "2015.07.23"]
[Round "3.13"]
[White "Lecomte, Robin"]
[Black "Patil, Pratik"]
[Result "1/2-1/2"]
[WhiteElo "2331"]
[BlackElo "2181"]
[WhiteFideId "1037170"]
[BlackFideId "5038758"]
[EventDate "2015.07.21"]

1. d4 Nf6 2. c4 g6 3. Nc3 d5 4. cxd5 Nxd5 5. e4 Nxc3 6. bxc3 Bg7 7. Bc4 c5 8.
Ne2 Nc6 9. Be3 O-O 10. O-O e6 11. Rb1 cxd4 12. cxd4 b6 13. Qd2 Bb7 14. f3 Rc8
15. Rfc1 Qe7 16. Bg5 Qd7 17. e5 Na5 18. Bb5 Rxc1+ 19. Qxc1 Bc6 20. Bxc6 Nxc6 21.
Qc3 Rc8 22. Qe3 h6 23. Bxh6 Bxh6 24. Qxh6 Nxd4 25. Ng3 Qd5 26. Qg5 Qxf3 27. Rf1
Ne2+ 28. Nxe2 Qxe2 29. Qf6 Qe3+ 30. Kh1 Rc1 31. Qxf7+ Kh8 32. Qf6+ Kh7 33. Qh4+
Kg7 34. Qf6+ Kh7 35. Qh4+ Kg7 36. Qf6+ 1/2-1/2

[Event "Dutch Open 2015"]
[Site "Dieren NED"]
[Date "2015.07.23"]
[Round "3.14"]
[White "Kolbus, Dietmar"]
[Black "Mellema, Andries"]
[Result "1-0"]
[WhiteTitle "IM"]
[WhiteElo "2309"]
[BlackElo "2171"]
[WhiteFideId "4610628"]
[BlackFideId "1011464"]
[EventDate "2015.07.21"]

1. c4 c5 2. Nf3 g6 3. e4 d6 4. d4 Bg7 5. d5 Nf6 6. Nc3 O-O 7. Bd3 e6 8. O-O exd5
9. exd5 Bg4 10. h3 Bxf3 11. Qxf3 Nbd7 12. Qd1 Re8 13. Bd2 a6 14. a4 Rb8 15. Ra3
Nh5 16. Be2 Qh4 17. Bxh5 gxh5 18. b3 Kh8 19. Ne2 Rg8 20. Kh1 Be5 21. Bc3 Bxc3
22. Nxc3 Ne5 23. Ne2 Ng4 24. Ng3 Nxf2+ 25. Rxf2 Qxg3 26. Raa2 Rbe8 27. Rae2 Re3
28. Qa1+ Re5 29. Rxf7 Re8 30. Qb1 Qg8 31. Rxe5 Rxe5 32. Rxb7 Rg5 33. Qb2+ Re5
34. Qf2 Qd8 35. Qf7 1-0

[Event "Dutch Open 2015"]
[Site "Dieren NED"]
[Date "2015.07.23"]
[Round "3.15"]
[White "Van Foreest, Lucas"]
[Black "Buckels, Valentin"]
[Result "1/2-1/2"]
[WhiteElo "2294"]
[BlackElo "2152"]
[WhiteFideId "1039792"]
[BlackFideId "12942766"]
[EventDate "2015.07.21"]

1. e4 e5 2. Nf3 Nc6 3. Bc4 Bc5 4. c3 Nf6 5. d3 a6 6. Bb3 Ba7 7. h3 d6 8. Nbd2 h6
9. Nf1 Ne7 10. Ng3 Be6 11. Bc2 c5 12. O-O Qd7 13. Re1 O-O 14. d4 cxd4 15. cxd4
Ng6 16. Be3 Rfc8 17. d5 Bxh3 18. gxh3 Bxe3 19. fxe3 Qxh3 20. Nf5 Qg4+ 21. Kh2
Qh5+ 22. Kg3 Qg4+ 23. Kh2 Qh5+ 24. Kg3 Qg4+ 1/2-1/2

[Event "Dutch Open 2015"]
[Site "Dieren NED"]
[Date "2015.07.23"]
[Round "3.16"]
[White "Bus, Tom"]
[Black "Afek, Yochanan"]
[Result "1/2-1/2"]
[BlackTitle "IM"]
[WhiteElo "2153"]
[BlackElo "2273"]
[WhiteFideId "1014374"]
[BlackFideId "2800462"]
[EventDate "2015.07.21"]

1. e4 c5 2. Nf3 Nf6 3. Nc3 Nc6 4. d4 cxd4 5. Nxd4 g6 6. Be3 Bg7 7. Bc4 O-O 8.
Bb3 a5 9. O-O a4 10. Nxa4 Nxe4 11. Nb5 Ra6 12. Qe2 d6 13. Rad1 Bd7 14. Rfe1 Nf6
15. h3 Na5 16. c4 Nxb3 17. axb3 Bxb5 18. cxb5 Ra8 19. Bb6 Qd7 20. Bd4 Rae8 21.
Nb6 Qd8 22. Qf3 e5 23. Bc5 Qc7 24. Rxd6 Qxc5 25. Rxf6 e4 26. Qf4 Qd4 27. Rd6 Qb4
28. Qd2 Qxd2 29. Rxd2 f5 30. Rd7 Rf7 31. Red1 Bxb2 32. Rxf7 Kxf7 33. Nc4 Be5 34.
Rd7+ Ke6 35. Rxb7 1/2-1/2

[Event "Dutch Open 2015"]
[Site "Dieren NED"]
[Date "2015.07.23"]
[Round "3.17"]
[White "Maatman, Nick"]
[Black "Bakker, Guido"]
[Result "1/2-1/2"]
[WhiteElo "2266"]
[BlackElo "2117"]
[WhiteFideId "1040391"]
[BlackFideId "1027875"]
[EventDate "2015.07.21"]

1. Nf3 Nf6 2. c4 g6 3. Nc3 Bg7 4. e4 d6 5. d4 O-O 6. Be2 Na6 7. O-O e5 8. Be3
Ng4 9. Bg5 Qe8 10. dxe5 dxe5 11. Nd2 h6 12. Bxg4 hxg5 13. Bxc8 Rxc8 14. Qe2 Qe7
15. Qe3 Ra8 16. Rfd1 c6 17. Nb3 b6 18. Rd2 Nc7 19. c5 Ne6 20. cxb6 axb6 21. Qxb6
Nd4 22. Qc5 Qe6 23. Rad1 Rfd8 24. Nxd4 exd4 25. Ne2 Qxe4 26. a3 Bf6 27. h3 Be7
28. Qc4 c5 29. b4 cxb4 30. axb4 Rab8 31. b5 Qd5 32. Qxd5 Rxd5 33. Rxd4 1/2-1/2

[Event "Dutch Open 2015"]
[Site "Dieren NED"]
[Date "2015.07.23"]
[Round "3.18"]
[White "Kokje, Joris"]
[Black "Van Osch, Mees"]
[Result "1/2-1/2"]
[WhiteElo "2054"]
[BlackElo "2264"]
[WhiteFideId "1051024"]
[BlackFideId "1035967"]
[EventDate "2015.07.21"]

1. d4 d6 2. c4 e5 3. Nf3 e4 4. Ng5 f5 5. Nc3 Be7 6. Nh3 Nf6 7. e3 O-O 8. Be2 c6
9. O-O Na6 10. f3 exf3 11. Bxf3 Nc7 12. Nf4 Kh8 13. Bd2 Bd7 14. Qb3 Rb8 15. Rae1
Qe8 16. e4 g5 17. Nd3 g4 18. Bd1 fxe4 19. Nxe4 Nxe4 20. Rxe4 Rxf1+ 21. Kxf1 Qg6
22. Nf2 Bf6 23. Bxg4 d5 24. cxd5 cxd5 25. Rf4 Bb5+ 26. Kg1 Bg5 27. h4 Bh6 28.
Qc3 Ne6 29. Rf3 Bg7 30. Be3 Be2 31. Bf5 Qf7 32. Bxe6 Qxe6 33. Rg3 Rc8 34. Qd2
Bb5 35. h5 Be8 36. h6 Bf6 37. Bg5 Bxg5 1/2-1/2

[Event "Dutch Open 2015"]
[Site "Dieren NED"]
[Date "2015.07.23"]
[Round "3.19"]
[White "Maris, Ivo"]
[Black "Roorda, Thijs"]
[Result "1/2-1/2"]
[WhiteElo "2262"]
[BlackElo "2103"]
[WhiteFideId "1028146"]
[BlackFideId "1027930"]
[EventDate "2015.07.21"]

1. Nf3 Nf6 2. c4 g6 3. Nc3 c5 4. d4 cxd4 5. Nxd4 Nc6 6. g3 Bg7 7. Bg2 O-O 8. Nc2
d6 9. Rb1 Bd7 10. O-O Qc8 11. Re1 Bh3 12. Bh1 Rd8 13. Nd5 Nxd5 14. cxd5 Ne5 15.
Be3 Bf5 16. Rc1 Nc4 17. Nd4 Nxe3 18. Qb3 Nc2 19. Nxc2 Bxc2 20. Rxc2 Qd7 21. Rec1
Rdc8 22. Be4 b6 23. Rc6 Rxc6 24. Rxc6 Qg4 25. Bf3 Qd4 26. Rc2 Bf6 27. e3 Qe5 28.
Qa4 Qf5 29. Kg2 b5 30. Qb3 Qd7 31. Rc6 a6 32. Qc2 Qd8 33. h4 h5 34. b3 Kg7 35.
Be2 Qa5 36. a4 bxa4 37. bxa4 Qxd5+ 38. Bf3 Qe5 39. Rb6 Qa5 40. Rxd6 Rb8 41. Rd5
Qe1 42. Rd1 Qc3 43. Qxc3 Bxc3 44. Rc1 Rb3 45. Bc6 Bb4 46. Bb7 Ba3 47. Rc7 Bd6
48. Rd7 a5 49. Bd5 Rb2 50. Bc6 Bb4 51. Rd1 Rc2 52. Bb5 Rd2 53. Rf1 Bc5 54. Kf3
Bb4 55. g4 hxg4+ 56. Kxg4 f5+ 57. Kh3 Kf6 58. Be8 Rd8 59. Bb5 Rd2 60. Be8 Rd8
61. Bb5 Rd2 1/2-1/2

[Event "Dutch Open 2015"]
[Site "Dieren NED"]
[Date "2015.07.23"]
[Round "3.20"]
[White "Elgersma, Simon"]
[Black "Hamblok, Roel"]
[Result "0-1"]
[BlackTitle "FM"]
[WhiteElo "2087"]
[BlackElo "2305"]
[WhiteFideId "1046101"]
[BlackFideId "209317"]
[EventDate "2015.07.21"]

1. e4 e5 2. Nf3 Nc6 3. Bb5 Nge7 4. O-O g6 5. d3 Bg7 6. a3 O-O 7. Nc3 h6 8. Be3
Nd4 9. Bc4 c6 10. h3 d5 11. Ba2 Nxf3+ 12. Qxf3 d4 0-1

[Event "Dutch Open 2015"]
[Site "Dieren NED"]
[Date "2015.07.24"]
[Round "4.1"]
[White "Reinderman, Dimitri"]
[Black "Beukema, Stefan"]
[Result "1-0"]
[WhiteTitle "GM"]
[BlackTitle "FM"]
[WhiteElo "2584"]
[BlackElo "2363"]
[WhiteFideId "1001302"]
[BlackFideId "1024523"]
[EventDate "2015.07.21"]

1. Nf3 f5 2. g3 Nf6 3. Bg2 g6 4. O-O Bg7 5. d4 O-O 6. b3 d6 7. Bb2 Ne4 8. Nbd2
Nxd2 9. Qxd2 Nc6 10. Ne1 e5 11. Bd5+ Kh8 12. Bxc6 bxc6 13. dxe5 f4 14. Nd3 dxe5
15. Rfd1 Qg5 16. Qa5 Bh3 17. Bxe5 Kg8 18. Qc5 Bxe5 19. Qxe5 Qxe5 20. Nxe5 Rae8
21. Nd3 fxg3 22. hxg3 Rxe2 23. Nf4 Rxf4 24. gxf4 Kg7 25. Re1 Rxc2 26. Re7+ Kf6
27. Rxh7 Be6 28. Rxc7 a5 29. Ra7 Rc5 30. Re1 Bd5 31. Kh2 Rc2 32. Rxa5 Rxf2+ 33.
Kg3 Rf3+ 34. Kg4 Rc3 35. Ra4 Rd3 36. Ra7 Be6+ 37. Rxe6+ Kxe6 38. Rg7 Kf6 39. Rc7
Rc3 40. b4 Rc1 41. a4 Rc4 42. b5 Rxa4 43. Rxc6+ Kf7 44. Kg5 Rb4 45. Rf6+ Ke7 46.
b6 Rb1 47. Rxg6 Kf7 48. Rf6+ Ke7 49. Rh6 Kf7 50. Rh7+ Ke6 51. f5+ Ke5 52. Re7+
Kd6 53. Kf6 Rb2 54. Kf7 Rh2 55. f6 Rh7+ 56. Kg8 Rh1 57. b7 Rg1+ 58. Rg7 1-0

[Event "Dutch Open 2015"]
[Site "Dieren NED"]
[Date "2015.07.24"]
[Round "4.2"]
[White "Ikonnikov, Vyacheslav"]
[Black "L'Ami, Erwin"]
[Result "1/2-1/2"]
[WhiteTitle "GM"]
[BlackTitle "GM"]
[WhiteElo "2527"]
[BlackElo "2628"]
[WhiteFideId "4100972"]
[BlackFideId "1007998"]
[EventDate "2015.07.21"]

1. d4 Nf6 2. Nf3 g6 3. c4 Bg7 4. Nc3 d5 5. cxd5 Nxd5 6. e4 Nxc3 7. bxc3 c5 8.
Be3 Qa5 9. Qd2 O-O 10. Rc1 Nd7 11. Bd3 Nb6 12. Bh6 cxd4 13. Bxg7 Kxg7 14. cxd4
Qxd2+ 15. Kxd2 Bd7 16. Rc7 Rab8 17. Ne5 Rfd8 18. Nxd7 Rxd7 19. Rxd7 Nxd7 20. Rc1
e6 21. a4 Kf8 22. Rc7 Nf6 23. a5 Ne8 24. Rd7 Nf6 25. Rc7 Ne8 26. Rd7 1/2-1/2

[Event "Dutch Open 2015"]
[Site "Dieren NED"]
[Date "2015.07.24"]
[Round "4.3"]
[White "Beerdsen, Thomas"]
[Black "Moradiabadi, Elshan"]
[Result "0-1"]
[WhiteTitle "FM"]
[BlackTitle "GM"]
[WhiteElo "2317"]
[BlackElo "2567"]
[WhiteFideId "1030108"]
[BlackFideId "12501255"]
[EventDate "2015.07.21"]

1. e4 e5 2. Nf3 Nc6 3. Bb5 a6 4. Ba4 Nge7 5. c4 g6 6. d4 exd4 7. Nxd4 Bg7 8. Be3
O-O 9. Nc3 d6 10. Bb3 Ne5 11. h3 c5 12. Nf3 b5 13. Nxe5 Bxe5 14. cxb5 axb5 15.
Nxb5 Qa5+ 16. Nc3 c4 17. Bc2 Rb8 18. O-O Rxb2 19. Na4 Rb5 20. f4 Bxa1 21. Qxa1
f5 22. Qd4 fxe4 23. Nc3 Nf5 24. Qxc4+ d5 25. Qxb5 Qxb5 26. Nxb5 Nxe3 27. Rc1 Ba6
28. Nc7 Bc4 29. Bb3 Bxb3 30. axb3 d4 31. Ne6 d3 32. Nxf8 d2 33. Ra1 Kxf8 34. Kf2
d1=Q 35. Rxd1 Nxd1+ 36. Ke2 Nb2 37. Ke3 Nd3 38. Kxe4 Nc5+ 39. Ke5 Nxb3 40. f5
Kf7 41. fxg6+ Kxg6 42. Kf4 Nc5 43. g4 Ne6+ 44. Kg3 Kg5 45. h4+ Kf6 46. Kf3 Ke5
47. Ke3 Nd4 48. h5 Ne6 49. Kf3 Kf6 0-1

[Event "Dutch Open 2015"]
[Site "Dieren NED"]
[Date "2015.07.24"]
[Round "4.4"]
[White "Van Foreest, Jorden"]
[Black "Miedema, David"]
[Result "1-0"]
[WhiteTitle "IM"]
[BlackTitle "IM"]
[WhiteElo "2514"]
[BlackElo "2356"]
[WhiteFideId "1039784"]
[BlackFideId "1018477"]
[EventDate "2015.07.21"]

1. Nf3 Nf6 2. c4 e6 3. g3 d5 4. b3 c5 5. Bg2 Nc6 6. O-O Be7 7. e3 O-O 8. Nc3 d4
9. exd4 cxd4 10. Nb5 a6 11. Na3 e5 12. d3 Qc7 13. Nc2 a5 14. Re1 Nd7 15. Na3 Re8
16. Ng5 Nc5 17. Nb5 Qd8 18. Qh5 Bxg5 19. Bxg5 f6 20. Bxf6 gxf6 21. Nc7 Qxc7 22.
Qxe8+ Kg7 23. Bd5 Nb4 24. Qg8+ Kh6 25. Qf8+ Kg6 26. f4 Nxd5 27. cxd5 Nxd3 28.
f5+ Bxf5 29. Qxa8 Nxe1 30. Rxe1 Qc5 31. Qg8+ Kh6 32. Qf7 d3+ 33. Kg2 d2 34.
Qxf6+ Bg6 35. Rd1 Qxd5+ 36. Kg1 a4 37. Qf2 axb3 38. Qe3+ Kg7 39. axb3 Bd3 40.
Rxd2 e4 41. Rf2 Qe5 42. Kg2 Qd5 43. b4 Qe5 44. Qc5 Qxc5 45. bxc5 Bb5 46. Rf4 e3
47. Kf3 e2 48. Kf2 1-0

[Event "Dutch Open 2015"]
[Site "Dieren NED"]
[Date "2015.07.24"]
[Round "4.5"]
[White "Van Helvoort, Rob"]
[Black "Brandenburg, Daan"]
[Result "1/2-1/2"]
[BlackTitle "GM"]
[WhiteElo "2130"]
[BlackElo "2511"]
[WhiteFideId "1005596"]
[BlackFideId "1011014"]
[EventDate "2015.07.21"]

1. d4 d5 2. Nf3 Nf6 3. e3 g6 4. b4 Bg7 5. Be2 O-O 6. a4 Ne4 7. c4 a5 8. b5 c5 9.
bxc6 bxc6 10. O-O Na6 11. Nfd2 Nd6 12. cxd5 cxd5 13. Nc3 Nb4 14. Ba3 Bb7 15. Qb3
e5 16. Bxb4 axb4 17. Qxb4 exd4 18. exd4 Bc6 19. Bb5 Rb8 20. Qc5 Ba8 21. Rfd1 Qf6
22. Nf3 Rfc8 23. Qa3 Nc4 24. Qa2 Qd6 25. Rab1 h6 26. Qe2 Bc6 27. Bxc6 Qxc6 28.
Rb5 Rxb5 29. axb5 Qd7 30. Qa2 Nb6 31. Qa5 Nc4 32. Qa2 Nb6 33. Qa5 Nc4 1/2-1/2

[Event "Dutch Open 2015"]
[Site "Dieren NED"]
[Date "2015.07.24"]
[Round "4.6"]
[White "Bollen, Guus"]
[Black "Goudriaan, Etienne"]
[Result "1/2-1/2"]
[BlackTitle "IM"]
[WhiteElo "2088"]
[BlackElo "2376"]
[WhiteFideId "1027883"]
[BlackFideId "1021150"]
[EventDate "2015.07.21"]

1. e4 c5 2. d4 cxd4 3. c3 dxc3 4. Nxc3 Nc6 5. Nf3 e6 6. Bc4 Nge7 7. Bg5 a6 8.
O-O f6 9. Be3 b5 10. Bb3 Na5 11. Bxe6 dxe6 12. Qxd8+ Kxd8 13. Bb6+ Ke8 14. Bxa5
Nc6 15. Bb6 Rb8 16. Be3 Bd6 17. Rfd1 Ke7 18. Rd2 Rd8 19. Rad1 Bb4 20. Rxd8 Nxd8
21. e5 Bb7 22. Rd4 Bxc3 23. bxc3 Bxf3 24. exf6+ gxf6 25. gxf3 Rc8 26. a4 Rc4 27.
axb5 Rxd4 28. Bxd4 axb5 29. f4 Nc6 30. Bc5+ Kf7 31. Kg2 Kg6 32. Kf3 Kf5 33. h3
Na5 34. Ke3 Nc4+ 35. Kf3 Nb2 36. Bb4 Na4 37. Ba5 Nb2 38. Bb4 Nc4 39. Bc5 h5 40.
Be3 Nd6 41. Bc5 Nc4 42. Be3 Nb2 43. Bb6 Nd3 44. Bc7 Nc5 45. Ke3 Ne4 46. Ba5 Nd6
47. Bc7 Ne4 48. Ba5 h4 49. Bb4 e5 50. fxe5 fxe5 51. Ba5 Ng5 52. Bd8 Nxh3 53.
Bxh4 Nf4 54. Bg3 Nd5+ 55. Kd3 Nb6 56. Bh2 Nc4 57. Bg3 Ke6 58. f4 exf4 59. Bxf4 1/2-1/2

[Event "Dutch Open 2015"]
[Site "Dieren NED"]
[Date "2015.07.24"]
[Round "4.7"]
[White "Zwirs, Nico"]
[Black "Kollen, Zyon"]
[Result "1/2-1/2"]
[WhiteElo "2346"]
[BlackElo "2220"]
[WhiteFideId "1036432"]
[BlackFideId "1024256"]
[EventDate "2015.07.21"]

1. c4 e6 2. Nf3 Nf6 3. Nc3 d5 4. d4 Be7 5. Bg5 O-O 6. e3 c6 7. Qc2 Nbd7 8. Be2
h6 9. Bh4 dxc4 10. Bxc4 b5 11. Be2 a6 12. O-O c5 13. dxc5 Nxc5 14. Bxf6 Bxf6 15.
Nxb5 axb5 16. Qxc5 Bxb2 17. Rad1 Qa5 18. Qxb5 Qxb5 19. Bxb5 Ba6 20. Bxa6 Rxa6
21. Rd2 Rxa2 22. g4 Rfa8 23. Rb1 Bf6 24. Rxa2 Rxa2 25. Rb8+ Kh7 26. Rb7 Kg8 27.
Kg2 g6 28. Kg3 Ra5 29. Nd2 Ra4 30. h3 Kg7 31. Rd7 Bc3 32. Nf3 Ra5 33. Ng1 Ra2
34. Nf3 Ra5 35. Rd3 Be5+ 36. Kg2 Bf6 37. Nd2 Ra4 38. Kf3 h5 39. gxh5 gxh5 40.
Rd7 Bh4 41. Ne4 Ra2 42. Rd4 Kg6 43. Nd2 Rc2 44. Rxh4 Rxd2 45. Ra4 Rb2 46. Ra8
Kg7 47. Ra5 Kg6 48. Kg3 f6 49. Ra8 e5 50. Kf3 Rc2 51. Rg8+ Kf7 52. Rh8 Kg6 53.
Kg3 Rb2 54. Rc8 Ra2 55. Rc1 Kf5 56. Rg1 Ra8 57. Kh4 Rh8 58. Rg7 Rh6 59. f3 Rh8
60. Kg3 Rh6 61. e4+ Ke6 62. f4 exf4+ 63. Kxf4 h4 64. Ra7 Rh5 65. Rb7 Rh8 66. Kg4
Rh6 67. Rb5 Rh8 68. Ra5 Rh7 69. Kf4 Rh8 70. e5 fxe5+ 71. Rxe5+ Kf6 72. Ra5 Rc8
73. Ra4 Rc5 74. Kg4 Kg6 75. Kxh4 Rh5+ 76. Kg3 Rg5+ 77. Kf4 Rf5+ 78. Kg4 Rg5+ 79.
Kf4 Rf5+ 80. Ke4 Rh5 81. Ra3 Kg5 82. Rb3 Kh4 83. Kf3 Kxh3 84. Rb1 Rf5+ 85. Ke4 1/2-1/2

[Event "Dutch Open 2015"]
[Site "Dieren NED"]
[Date "2015.07.24"]
[Round "4.8"]
[White "Harff, Marcel"]
[Black "Foisor, Sabina-Francesca"]
[Result "1-0"]
[WhiteTitle "FM"]
[BlackTitle "WGM"]
[WhiteElo "2313"]
[BlackElo "2202"]
[WhiteFideId "24621382"]
[BlackFideId "1212915"]
[EventDate "2015.07.21"]

1. c4 e6 2. Nf3 Nf6 3. g3 d5 4. Bg2 Be7 5. O-O O-O 6. b3 c5 7. cxd5 Nxd5 8. Bb2
Nc6 9. Na3 b6 10. Nc4 Bb7 11. Rc1 Rc8 12. d3 Bf6 13. Bxf6 Nxf6 14. Qd2 Qe7 15.
Qb2 Rfd8 16. Qa3 Ne8 17. Rfd1 Nc7 18. Qb2 Nb5 19. e3 f6 20. a4 Nd6 21. d4 Nxc4
22. bxc4 Na5 23. Qa3 Kf8 24. Qd3 Kg8 25. Ne1 Bxg2 26. Nxg2 Qe8 27. Nf4 g5 28.
Ne2 cxd4 29. exd4 Qxa4 30. Qf3 Kg7 31. Nc3 Qe8 32. Ne4 Qg6 33. c5 Nb3 34. Nxg5
Qxg5 35. Qxb3 Rxd4 36. Qxe6 Rxc5 37. Rxd4 Rxc1+ 38. Kg2 Qe5 39. Rg4+ Kh6 40. Qg8
Qg5 41. Rxg5 fxg5 42. h4 Rc5 43. g4 Ra5 44. h5 1-0

[Event "Dutch Open 2015"]
[Site "Dieren NED"]
[Date "2015.07.24"]
[Round "4.9"]
[White "Beukema, Jasper"]
[Black "Kolbus, Dietmar"]
[Result "1-0"]
[BlackTitle "IM"]
[WhiteElo "1942"]
[BlackElo "2309"]
[WhiteFideId "1032984"]
[BlackFideId "4610628"]
[EventDate "2015.07.21"]

1. e4 c5 2. Nc3 Nc6 3. Bb5 Nd4 4. Bc4 e6 5. Nge2 Ne7 6. O-O Nec6 7. d3 Be7 8. f4
O-O 9. Ng3 Na5 10. Bb3 Naxb3 11. axb3 f5 12. Nce2 Nc6 13. c3 b6 14. Be3 d5 15.
exd5 exd5 16. d4 c4 17. bxc4 dxc4 18. Kh1 Qd5 19. Ng1 Bb7 20. Nf3 b5 21. Qc2 g6
22. Rfe1 Bf6 23. Bg1 a6 24. Nf1 Ne7 25. Ne5 Qd8 26. b3 cxb3 27. Qxb3+ Bd5 28.
Qb2 Kg7 29. Ne3 Qc7 30. Qb4 Rfc8 31. Rec1 Qd8 32. c4 bxc4 33. N3xc4 Bxc4 34.
Rxc4 Rxc4 35. Qxc4 Qd5 36. Qc7 a5 37. Re1 Rc8 38. Qa7 Ra8 39. Qc7 Qd8 40. Qc4
Qg8 41. Qc7 Qc8 42. Qd6 Ra6 43. Qa3 Qd8 44. Nd3 Kh8 45. Nc5 Rc6 46. Nb7 Qc7 47.
d5 Rc3 48. d6 Rxa3 49. dxc7 Rc3 50. Nc5 Nc8 51. Re8+ Kg7 52. Rxc8 Rc1 53. Rd8 1-0

[Event "Dutch Open 2015"]
[Site "Dieren NED"]
[Date "2015.07.24"]
[Round "4.10"]
[White "Yankelevich, Lev"]
[Black "Lentjes, Noud"]
[Result "1-0"]
[WhiteElo "2420"]
[BlackElo "2116"]
[WhiteFideId "24684074"]
[BlackFideId "1029827"]
[EventDate "2015.07.21"]

1. d4 d5 2. c4 c6 3. Nf3 Nf6 4. Nc3 dxc4 5. a4 e6 6. e3 Nbd7 7. Bxc4 Bb4 8. O-O
O-O 9. e4 Bxc3 10. bxc3 Nxe4 11. Ba3 Re8 12. Bd3 f5 13. Qb3 Ndf6 14. Rfe1 Qb6
15. Qc4 Qa5 16. Rec1 Qd5 17. Qb4 c5 18. Qb1 c4 19. Bf1 Bd7 20. Qb4 Rac8 21. Bb2
g5 22. Rc2 a5 23. Qa3 g4 24. Ne5 Nd6 25. Bc1 Bc6 26. Bg5 Nh5 27. Qc1 Nf7 28.
Nxc4 Kh8 29. Nb6 1-0